000 00564cam a2200229 4500
001 802480
005 20180228040459.0
008 720403s1972 moua bs 001 0 eng
010 _a 75182145
020 _a0801602149
040 _aDLC
_cDLC
_dDLC
041 _aeng
043 _an-us---
080 _a371.71 AND
082 0 0 _a371.71 AND
100 1 _a25
101 _aEDU
245 1 0 _aSchool health practice
_c[by] C. L. Anderson.
504 _aIncludes bibliographies.
906 _a7
_bcbc
_corignew
_d2
_encip
_f19
_gy-gencatlg
942 _2ddc
_cBK
999 _c43688
_d43688